| 000 | 00379nam a2200145Ia 4500 | ||
|---|---|---|---|
| 008 | 230917s9999||||xx |||||||||||||| ||und|| | ||
| 040 |
_e110526 _aMAIN |
||
| 041 | _aEnglish | ||
| 082 | _a301.441 E74E | ||
| 100 | _aNarayan, Deepa, ed | ||
| 245 | 0 | _aEmpowerment and poverty reduction: a source book | |
| 260 |
_aJaipur _bThe World Bank _c2005 |
||
| 300 | _a371 p. | ||
| 942 | _cBK | ||
| 999 |
_c131370 _d131370 |
||